[Event "Titled Tuesday intern op 15th Feb Early"]
[Site "Chess.com INT"]
[Date "2022.02.15"]
[Round "1"]
[White "De Silva, LMST"]
[Black "Praslov, Andrey"]
[Result "0-1"]
[WhiteElo "2220"]
[BlackElo "2402"]
[PlyCount "66"]
[EventDate "2022.02.15"]
[EventType "swiss (blitz)"]
[EventRounds "11"]
[EventCountry "USA"]
[SourceTitle "CBM 206 Extra"]
[Source "ChessBase"]
[SourceDate "2022.03.31"]
[SourceVersion "1"]
[SourceVersionDate "2022.03.31"]
[SourceQuality "1"]

1. e4 c6 2. d4 d5 3. Nc3 dxe4 4. Nxe4 Nf6 5. Nxf6+ exf6 6. c3 Bd6 7. Bd3 0-0 8. Qc2 Re8+ 9. Ne2 h5 10. 0-0 Nd7 11. Bf4 Nf8 12. Bxd6 Qxd6 13. Rae1 Bd7 14. h3 g6 15. Ng3 f5 16. Qd2 Ne6 17. Bxf5 gxf5 18. Nxf5 Qf4 19. Qd3 Nc5 20. Qg3+ Qxg3 21. Nxg3 Nd3 22. Rd1 Nf4 23. Rfe1 Rxe1+ 24. Rxe1 Re8 25. Re3 h4 26. Ne4 Kg7 27. Nd6 Rxe3 28. fxe3 Nd3 29. Nxb7 Nxb2 30. Nc5 Bc8 31. Kf1 Nd1 32. Nd3 Ba6 33. Ke1 Bxd3 0-1

[Event "Titled Tuesday intern op 15th Feb Early"]
[Site "Chess.com INT"]
[Date "2022.02.15"]
[Round "2"]
[White "Praslov, Andrey"]
[Black "Harika, Dronavalli"]
[Result "0-1"]
[WhiteElo "2402"]
[BlackElo "2517"]
[PlyCount "64"]
[EventDate "2022.02.15"]
[EventType "swiss (blitz)"]
[EventRounds "11"]
[EventCountry "USA"]
[SourceTitle "CBM 206 Extra"]
[Source "ChessBase"]
[SourceDate "2022.03.31"]
[SourceVersion "1"]
[SourceVersionDate "2022.03.31"]
[SourceQuality "1"]

1. d4 Nf6 2. Nf3 d5 3. c4 e6 4. Nc3 Bb4 5. e3 0-0 6. Bd3 dxc4 7. Bxc4 c5 8. 0-0 cxd4 9. exd4 b6 10. Qe2 Bb7 11. Rd1 h6 12. Ne5 Nc6 13. a3 Bxc3 14. bxc3 Rc8 15. Bd2 Nxe5 16. dxe5 Ne4 17. Bxh6 Qh4 18. Rd4 Qxh6 19. Rxe4 Bxe4 20. Qxe4 Rfd8 21. f4 Qh7 22. Qe2 Qh4 23. g3 Qe7 24. Bd3 Qc5+ 25. Kh1 Qxc3 26. Rd1 Rd5 27. Qe4 g6 28. f5 gxf5 29. Qf4 Qxe5 30. Qg5+ Qg7 31. Qe7 Rcd8 32. Be2 Rxd1+ 0-1

[Event "Titled Tuesday intern op 08th Feb Early"]
[Site "Chess.com INT"]
[Date "2022.02.08"]
[Round "4"]
[White "Fajdetic, Hrvoje"]
[Black "Praslov, Andrey"]
[Result "1-0"]
[WhiteElo "2151"]
[BlackElo "2402"]
[PlyCount "53"]
[EventDate "2022.02.08"]
[EventType "swiss (blitz)"]
[EventRounds "11"]
[EventCountry "USA"]
[SourceTitle "CBM 206 Extra"]
[Source "ChessBase"]
[SourceDate "2022.03.31"]
[SourceVersion "1"]
[SourceVersionDate "2022.03.31"]
[SourceQuality "1"]

1. d4 Nf6 2. Bf4 d5 3. e3 Bf5 4. c4 e6 5. Nc3 Nc6 6. Qb3 Rb8 7. cxd5 exd5 8. Bb5 Bb4 9. Qxb4 a6 10. Bxc6+ bxc6 11. Qa3 Bd3 12. Nge2 Qd7 13. 0-0 Rg8 14. Rfe1 g5 15. Be5 Ng4 16. Ng3 f6 17. Nxd5 cxd5 18. Qxd3 fxe5 19. dxe5 Rxb2 20. f3 Nxe5 21. Qd4 Nc4 22. e4 Kd8 23. exd5 Qb5 24. Rac1 Nd6 25. Qf6+ Kc8 26. Qxd6 Rg7 27. Qf8+ 1-0

[Event "Titled Tuesday intern op 08th June"]
[Site "Chess.com INT"]
[Date "2021.06.08"]
[Round "9"]
[White "Poobesh Anand, Selvaraj"]
[Black "Praslov, Andrey"]
[Result "0-1"]
[WhiteElo "2389"]
[BlackElo "2402"]
[PlyCount "69"]
[EventDate "2021.06.08"]
[EventType "swiss (blitz)"]
[EventRounds "11"]
[EventCountry "USA"]
[SourceTitle "CBM 202 Extra"]
[Source "ChessBase"]
[SourceDate "2021.07.31"]
[SourceVersion "1"]
[SourceVersionDate "2021.07.31"]
[SourceQuality "1"]

1. e4 c5 2. Nf3 g6 3. d4 cxd4 4. Nxd4 Bg7 5. c4 Nc6 6. Be3 Nf6 7. Nc3 0-0 8. Be2 d6 9. f3 Bd7 10. 0-0 Nxd4 11. Bxd4 a5 12. Nd5 Nxd5 13. cxd5 a4 14. Rc1 Qa5 15. Bxg7 Kxg7 16. Qd4+ Kg8 17. Rc2 Rfc8 18. Rfc1 Rxc2 19. Rxc2 Rc8 20. Rxc8+ Bxc8 21. Qc3 Qxc3 22. bxc3 a3 23. Bb5 f5 24. Kf2 fxe4 25. fxe4 Kg7 26. Ke3 Kf6 27. h3 Ke5 28. Bd3 Bd7 29. c4 b6 30. g4 g5 31. Bf1 Ba4 32. Kd3 Bb3 33. Kc3 Bxa2 34. Kb4 Bb1 35. Kxa3 0-1

[Event "St Petersburg White Nights op"]
[Site "St Petersburg"]
[Date "2005.06.25"]
[Round "8"]
[White "Sivokho, Sergey V"]
[Black "Praslov, Andrey"]
[Result "1/2-1/2"]
[WhiteElo "2475"]
[BlackElo "2395"]
[PlyCount "94"]
[EventDate "2005.06.18"]
[EventType "swiss"]
[EventRounds "9"]
[EventCountry "RUS"]
[SourceTitle "CBM 106 Extra"]
[Source "ChessBase"]
[SourceDate "2005.07.01"]
[SourceVersion "1"]
[SourceVersionDate "2005.07.01"]
[SourceQuality "1"]

1. e4 c5 2. Nf3 e6 3. d4 cxd4 4. Nxd4 Nf6 5. Nc3 Nc6 6. Nxc6 bxc6 7. e5 Nd5 8. Ne4 Qa5+ 9. c3 Ba6 10. Bxa6 Qxa6 11. Qe2 Qxe2+ 12. Kxe2 f6 13. f4 f5 14. Nf2 d6 15. Nd3 c5 16. c4 Nb6 17. exd6 Bxd6 18. b3 Nd7 19. Bb2 Nf6 20. Rad1 Rd8 21. Kf3 Kf7 22. Be5 Be7 23. Bc7 Rc8 24. Ne5+ Ke8 25. Ba5 Rg8 26. h4 Bd8 27. Bxd8 Rxd8 28. Nc6 Rc8 29. Nxa7 Ra8 30. Nc6 Rxa2 31. Rhe1 Kf7 32. Nd8+ Kg6 33. Rxe6 Rb2 34. Rb6 Kh5 35. Ne6 Ng4 36. Nxc5 Rf2+ 37. Kg3 Rc2 38. Rbd6 Re2 39. Re6 Rc2 40. Rd5 g6 41. Rd3 Ra8 42. Ra6 Re8 43. Re6 Ra8 44. Re7 Kh6 45. Na4 Nf6 46. Kf3 Ng4 47. Re2 Rc1 1/2-1/2

[Event "St Petersburg-ch"]
[Site "St Petersburg"]
[Date "2003.04.16"]
[Round "1"]
[White "Praslov, Andrey"]
[Black "Ionov, Sergey"]
[Result "1/2-1/2"]
[WhiteElo "2417"]
[BlackElo "2541"]
[PlyCount "32"]
[EventDate "2003.04.16"]
[EventType "tourn"]
[EventRounds "13"]
[EventCountry "RUS"]
[EventCategory "11"]
[SourceTitle "CBM 095"]
[Source "ChessBase"]
[SourceDate "2003.07.25"]
[SourceVersion "1"]
[SourceVersionDate "2003.07.25"]
[SourceQuality "1"]

1. d4 Nf6 2. c4 e6 3. Nf3 b6 4. g3 Ba6 5. b3 b5 6. cxb5 Bxb5 7. Bg2 d5 8. Nc3 Ba6 9. 0-0 Nbd7 10. Bb2 Be7 11. Rc1 0-0 12. Re1 Rc8 13. a3 c5 14. dxc5 Nxc5 15. b4 Ncd7 16. e4 dxe4 1/2-1/2

[Event "Chigorin Memorial 08th"]
[Site "St Petersburg"]
[Date "2000.11.09"]
[Round "8"]
[White "Praslov, Andrey"]
[Black "Voitsekhovsky, Stanislav"]
[Result "0-1"]
[WhiteElo "2375"]
[BlackElo "2516"]
[PlyCount "98"]
[EventDate "2000.10.31"]
[EventType "swiss"]
[EventRounds "9"]
[EventCountry "RUS"]
[SourceTitle "EXT 2001"]
[Source "ChessBase"]
[SourceDate "2000.11.22"]
[SourceVersion "1"]
[SourceVersionDate "2000.11.22"]
[SourceQuality "1"]

1. d4 Nf6 2. c4 e6 3. Nc3 Bb4 4. e3 c5 5. Nge2 cxd4 6. exd4 d5 7. c5 Nc6 8. a3 Bxc3+ 9. Nxc3 Ne4 10. Nxe4 dxe4 11. Be3 0-0 12. Qd2 Bd7 13. Bc4 Ne7 14. 0-0 Nd5 15. f3 exf3 16. Rxf3 Bc6 17. Rg3 Kh8 18. Rf1 Qd7 19. Bxd5 exd5 20. Rf4 f6 21. h4 Qf7 22. Qe2 Rae8 23. h5 Re4 24. h6 g5 25. Rxe4 dxe4 26. Qg4 Qd5 27. Qe2 Rg8 28. Qf2 Rg6 29. Qd2 Rxh6 30. Bxg5 Rg6 31. Bf4 Rxg3 32. Bxg3 e3 33. Qc2 Qxd4 34. Qc3 Qxc3 35. bxc3 Kg7 36. Bb8 a6 37. Bf4 e2 38. Kf2 Bb5 39. Bd6 Kg6 40. g3 Kh5 41. a4 Bxa4 42. Kxe2 Bc6 43. Bc7 Kg4 44. Kf2 f5 45. Ke3 h5 46. Kf2 f4 47. gxf4 h4 48. Kg1 h3 49. Kh2 Bd7 0-1

[Event "Chigorin Memorial 08th"]
[Site "St Petersburg"]
[Date "2000.10.31"]
[Round "1"]
[White "Dolmatov, Sergey"]
[Black "Praslov, Andrey"]
[Result "1/2-1/2"]
[WhiteElo "2608"]
[BlackElo "2375"]
[PlyCount "70"]
[EventDate "2000.10.31"]
[EventType "swiss"]
[EventRounds "9"]
[EventCountry "RUS"]
[SourceTitle "EXT 2001"]
[Source "ChessBase"]
[SourceDate "2000.11.22"]
[SourceVersion "1"]
[SourceVersionDate "2000.11.22"]
[SourceQuality "1"]

1. e4 d5 2. exd5 Qxd5 3. Nc3 Qa5 4. d4 Nf6 5. Nf3 c6 6. Bd2 Qb6 7. Rb1 Bf5 8. Be2 e6 9. 0-0 Nbd7 10. Nh4 Bg6 11. Be3 Qc7 12. Bf3 Bd6 13. g3 0-0 14. Nxg6 hxg6 15. Bg2 Nd5 16. Bd2 Nxc3 17. Bxc3 Nf6 18. Qe2 Rfe8 19. Rfe1 Rad8 20. b3 Nd5 21. Bd2 Bb4 22. Bxb4 Nxb4 23. c3 Nd5 24. Rbc1 Qa5 25. Qb2 Rd7 26. Re5 Qb6 27. h4 Nf6 28. Bf3 Rdd8 29. Rd1 Nd7 30. Re2 Qc7 31. Kg2 Nf6 32. c4 Re7 33. b4 Red7 34. Red2 a6 35. a3 Qd6 1/2-1/2

[Event "NOR-ch M1"]
[Site "Norway"]
[Date "1997.??.??"]
[Round "3"]
[White "Berglund, Jan Sigmund"]
[Black "Praslov, Andrey"]
[Result "1-0"]
[WhiteElo "1955"]
[BlackElo "1700"]
[PlyCount "31"]
[EventDate "1997.??.??"]
[EventType "swiss"]
[EventRounds "6"]
[EventCountry "NOR"]
[SourceTitle "EXT 2001"]
[Source "ChessBase"]
[SourceDate "2000.11.22"]
[SourceVersion "1"]
[SourceVersionDate "2000.11.22"]
[SourceQuality "1"]

1. d4 Nf6 2. Bg5 Ne4 3. Bf4 d5 4. f3 Nf6 5. e4 dxe4 6. Nc3 exf3 7. Nxf3 e6 8. Bd3 Bd6 9. Bg5 0-0 10. 0-0 h6 11. Bh4 c5 12. Ne4 cxd4 13. Nxf6+ gxf6 14. Nd2 Be7 15. Qg4+ Kh8 16. Rxf6 1-0

[Event "NOR-ch M1"]
[Site "Norway"]
[Date "1997.??.??"]
[Round "1"]
[White "Praslov, Andrey"]
[Black "Indbryn, Tommy"]
[Result "0-1"]
[WhiteElo "1700"]
[BlackElo "2085"]
[PlyCount "44"]
[EventDate "1997.??.??"]
[EventType "swiss"]
[EventRounds "6"]
[EventCountry "NOR"]
[SourceTitle "EXT 2001"]
[Source "ChessBase"]
[SourceDate "2000.11.22"]
[SourceVersion "1"]
[SourceVersionDate "2000.11.22"]
[SourceQuality "1"]

1. e4 c5 2. f4 d5 3. exd5 Nf6 4. Bb5+ Nbd7 5. c4 g6 6. d4 Bg7 7. dxc5 0-0 8. c6 Nc5 9. cxb7 Bxb7 10. Nf3 a6 11. Bc6 Bxc6 12. dxc6 Qb6 13. Ne5 Nfe4 14. Qe2 Bxe5 15. fxe5 Nd3+ 16. Kd1 Nef2+ 17. Kc2 Nb4+ 18. Kc3 Nxh1 19. Be3 Qa5 20. b3 Qxe5+ 21. Kxb4 Qxa1 22. Nc3 a5+ 0-1

[Event "NOR-ch M1"]
[Site "Norway"]
[Date "1997.??.??"]
[Round "4"]
[White "Praslov, Andrey"]
[Black "Oldernes, Lars Arne"]
[Result "1-0"]
[WhiteElo "1700"]
[BlackElo "1830"]
[PlyCount "75"]
[EventDate "1997.??.??"]
[EventType "swiss"]
[EventRounds "6"]
[EventCountry "NOR"]
[SourceTitle "EXT 2001"]
[Source "ChessBase"]
[SourceDate "2000.11.22"]
[SourceVersion "1"]
[SourceVersionDate "2000.11.22"]
[SourceQuality "1"]

1. e4 e5 2. Nf3 Nc6 3. Bb5 a6 4. Bxc6 dxc6 5. Nc3 Bd6 6. d4 Bg4 7. dxe5 Bxf3 8. Qxf3 Bxe5 9. Bf4 Qf6 10. Bxe5 Qxe5 11. 0-0-0 Nf6 12. Rd3 0-0 13. Qg3 Qxg3 14. Rxg3 Rfe8 15. Re3 Rad8 16. f3 Nd7 17. Rd3 Nc5 18. Rxd8 Rxd8 19. Rd1 Rxd1+ 20. Kxd1 f6 21. Ke2 Kf7 22. Ke3 Ke7 23. h4 Kd6 24. g4 Ne6 25. Ne2 b5 26. Nf4 c5 27. Nxe6 Kxe6 28. f4 c4 29. Kd4 Kd6 30. e5+ fxe5+ 31. fxe5+ Ke6 32. g5 h6 33. gxh6 gxh6 34. Ke4 c5 35. h5 a5 36. c3 a4 37. a3 b4 38. Kf4 1-0